| 000 | 00000nam##2200000za#4500 |
| 001 | 9.604239 |
| 003 | CaOODSP |
| 005 | 20210624211454 |
| 007 | cr ||||||||||| |
| 008 | 150406|2005||||xxc|||||o f|0| 0 fre|d |
| 040 | |aCaOODSP|bfre |
| 043 | |an-cn--- |
| 086 | 1 |aTU3-5/05-51F-PDF |
| 110 | 2 |aBureau de la sécurité des transports du Canada. |
| 245 | 10|aPerte d'espacement mettant en cause le centre de contrôle régional d'Edmonton – secteur La Biche, exploité par NAV CANADA à 70 nm au nord d'Edmonton (Alberta), le 19 décembre 2005 |h[ressource électronique] |
| 260 | |aGatineau - Québec : |bBureau de la sécurité des transports du Canada |c2006. |
| 300 | |a8p. |
| 490 | 1 |aRapport d'enquête aéronautique |vA05W0248 |
| 500 | |a« Le Bureau a autorisé la publication du rapport le 7 novembre 2006. » --p.8. |
| 590 | |a12-33-Supp|b2012-07-18 |
| 775 | 08|tLoss of separation - NAV CANADA, Edmonton Area Control Centre-La Biche Sector, Edmonton, Alberta, 70 nm N, 19 December 2005 |w(CaOODSP)9.574495 |
| 830 | #0|aRapport d'enquête aéronautique ;|vA05W0248|w(CaOODSP)9.501229 |
| 856 | 40|ahttp://publications.gc.ca|qPDF|s174 Ko|uhttps://publications.gc.ca/collections/collection_2012/bst-tsb/TU3-5-05-51-fra.pdf|yA05W0248 |